| 000 | 00535nam a2200157Ia 4500 | ||
|---|---|---|---|
| 008 | 170221s9999 xx 000 0 und d | ||
| 100 | _aFatos Adiloglu | ||
| 245 | _aIslamic Gardens with a Special Emphasis on the Ottoman Paradise Gardens:The Sense of Place between Imagery and Reality | ||
| 245 | _cFatos Adiloglu, Burcu Alarslan | ||
| 260 | _bOnline Journal of Communication and Media Technologies | ||
| 260 | _c2013 | ||
| 300 | _a33 : 17 | ||
| 650 | _xCommunication | ||
| 650 | _xMedia Arts | ||
| 856 | _uhttp://www.ojcmt.net/ | ||
| 999 |
_c311148 _d311148 |
||